00523nam a2200133Ia 4500008004100000100002400041245009700065260002600162300001800188650001200206856007900218999001900297952007300316160712s9999 xx 000 0 und d aMolina, Victorio B. cVictorio B. MolinaaNon-carcinogenic health risks of heavy metal in mudfish from Laguna Lake c2012bScience Diliman avol. 24 no. 1 xSCIENCE uhttp://journals.upd.edu.ph/index.php/sciencediliman/issue/view/341/showToc c297484d297484 001040aCLbCLd2016-07-12l0r2016-07-12 00:00:00w2016-07-12yFEJ